pays frontaliers de la france - Statistiques

Statistiques générales
  • Ce quiz a été pris 172 fois
  • Le résultat moyen est 4 sur 8
Statistiques - réponses
nombre Réponse % Correct
4 Italie
75%
1 Espagne
69%
7 Belgique
61%
6 allemagne
56%
5 suisse
54%
2 andorre
47%
8 Luxembourg
44%
3 monaco
36%
Aucun quiz correspondant
Distribution des résultats
% des personnes avec chaque résultat
Percentile par nombre de réponses
Votre historique - résultats
Vous n’avez pas pris ce quiz